Problems in the origins and development of the English language

Gorde:
Xehetasun bibliografikoak
Egile nagusia: John Algeo
Formatua: Liburua
Hizkuntza:Undetermined
Argitaratua: New York Harper, Brace and World 1966
Gaiak:
Etiketak: Etiketa erantsi
Etiketarik gabe, Izan zaitez lehena erregistro honi etiketa jartzen!
Thư viện lưu trữ: Trung tâm Học liệu Trường Đại học Cần Thơ
LEADER 00502nam a2200169Ia 4500
001 CTU_235
008 210402s9999 xx 000 0 und d
082 |a 420.9 
082 |b A394 
100 |a John Algeo 
245 0 |a Problems in the origins and development of the English language 
245 0 |c John Algeo, Thomas Pyles 
260 |a New York 
260 |b Harper, Brace and World 
260 |c 1966 
650 |a english language - history 
980 |a Trung tâm Học liệu Trường Đại học Cần Thơ